Pays par pays voisins (Facile) - Asie - Statistiques

Statistiques générales
  • Ce quiz a été pris 166 fois
  • Le résultat moyen est 9 sur 10
Statistiques - réponses
Hint Réponse % Correct
Russie / Chine / Corée du Sud Corée du Nord
98%
Iran / Afghanistan / Chine / Inde Pakistan
95%
Malaisie / Timor Oriental / Papouasie Nouvelle Guinée Indonésie
89%
Thailande / Myanmar / Chine / Vietnam / Cambodge Laos
89%
Jordanie / Irak / Koweit / Qatar / Emirats Arabes Unis / Oman / Yemen Arabie Saoudite
87%
Israël / Syrie / Irak / Arabie Saoudite Jordanie
87%
Arménie / Géorgie / Russie / Iran Azerbaidjan
86%
Yemen / Arabie Saoudite / Emirats Arabes Unis Oman
86%
Géorgie / Azerbaidjan / Kazakhstan / Chine / Mongolie / Corée du Nord Russie
85%
Ouzbekistan / Kazakhstan / Chine / Tadjikistan Kirghizistan
78%
Aucun quiz correspondant
Distribution des résultats
% des personnes avec chaque résultat
Percentile par nombre de réponses
Votre historique - résultats
Vous n’avez pas pris ce quiz